Formovanie podnikovej kultúry v UT Umwelt - und Transporttechnik, s.r.o.
Uložené v:
| Hlavný autor: | |
|---|---|
| Ďalší autori: | |
| Médium: | Rukopis Kniha |
| Jazyk: | Slovak |
| Vydavateľské údaje: |
2025
|
| Predmet: | |
| On-line prístup: | http://is.stuba.sk/zp/portal_zp.pl?podrobnosti=183841 |
| Tagy: |
Žiadne tagy, Buďte prvý, kto otaguje tento záznam!
|
MARC
| LEADER | 00000ntm a22000003a 4500 | ||
|---|---|---|---|
| 001 | stuzp103660 | ||
| 003 | SK-STU | ||
| 005 | 20250614212131.6 | ||
| 007 | ta | ||
| 008 | 150427s2015----xo-----f-mn---000-0-slo-d | ||
| 040 | |a STU |b slo | ||
| 041 | 0 | |a slo | |
| 100 | 1 | |a Mešková, Zuzana |u 064000 |4 aut |U MTF Materiálovotechnologická fakulta |T MTF Ústav priemyselného inžinierstva a manažmentu |X 111554 |U M4000 |Y 84 |7 111554 | |
| 242 | 0 | 1 | |a Formation of corporate culture at UT Umwelt- und Transporttechnik, s.r.o. |y eng |
| 245 | 1 | 0 | |a Formovanie podnikovej kultúry v UT Umwelt - und Transporttechnik, s.r.o. |
| 260 | |c 2025 | ||
| 650 | 4 | |a employee satisfaction |2 eng | |
| 650 | 4 | |a OCAI questionnaire |2 eng | |
| 650 | 4 | |a organizational culture |2 eng | |
| 650 | 4 | |a spokojnosť zamestnancov |2 slo | |
| 650 | 4 | |a OCAI dotazník |2 slo | |
| 650 | 4 | |a podniková kultúra |2 slo | |
| 700 | 1 | |a Vaňová, Jaromíra |u 064000 |k Z1 |4 ths |U MTF Materiálovotechnologická fakulta |T MTF Ústav priemyselného inžinierstva a manažmentu |X 2877 |U M4000 |Y 84 |7 A000002877 | |
| 856 | 4 | |u http://is.stuba.sk/zp/portal_zp.pl?podrobnosti=183841 | |
| 996 | |c M* DP-15607 |l MMSKP |s P |a 0 |w stuzp103660_0001 | ||